我坐在琵卓河畔, 哭泣 (Record no. 31983)

000 -LEADER
fixed length control field 00513nam a22001937a 4500
003 - CONTROL NUMBER IDENTIFIER
control field MPLRDC
005 - DATE AND TIME OF LATEST TRANSACTION
control field 20220104142555.0
008 - FIXED-LENGTH DATA ELEMENTS--GENERAL INFORMATION
fixed length control field 210129b ||||| |||| 00| 0 eng d
020 ## - INTERNATIONAL STANDARD BOOK NUMBER
International Standard Book Number 957-621-430-0
082 ## - DEWEY DECIMAL CLASSIFICATION NUMBER
Classification number 885.7157 COE
100 ## - MAIN ENTRY--PERSONAL NAME
Personal name PAULO COELHO
245 ## - TITLE STATEMENT
Title 我坐在琵卓河畔, 哭泣
Statement of responsibility, etc. 许耀云译
250 ## - EDITION STATEMENT
Edition statement 第一版
260 ## - PUBLICATION, DISTRIBUTION, ETC.
Place of publication, distribution, etc. 台湾
Name of publisher, distributor, etc. 天下文化出版股份有限公司
Date of publication, distribution, etc. 1998
300 ## - PHYSICAL DESCRIPTION
Other physical details 234
490 ## - SERIES STATEMENT
Series statement 文学人生. 1
650 ## - SUBJECT ADDED ENTRY--TOPICAL TERM
Topical term or geographic name entry element 巴西文学
942 ## - ADDED ENTRY ELEMENTS (KOHA)
Koha item type Book
-- 885.7157 COE
Holdings
Withdrawn status Lost status Source of classification or shelving scheme Damaged status Not for loan Collection code Home library Current library Shelving location Date acquired Cost, normal purchase price Total Checkouts Full call number Barcode Date last seen Date last checked out Price effective from Koha item type Public note
            Malaysian Public Library, Research and Development Centre Malaysian Public Library, Research and Development Centre   10/12/2007 14.20   885.7157 COE 00032077 18/03/2021 10/12/2007 18/03/2021 Book mplrdc

© 2022. Malaysian Public Library, Research and Development Centre. All Right ReservedE-mailmplrdc@help.edu.my 

Powered by Koha